| 000 | 00557nam a2200241Ia 4500 | ||
|---|---|---|---|
| 008 | 160321s9999||||xx |||||||||||||| ||und|| | ||
| 040 | _cEnglish | ||
| 082 | _aXVC/Atlas | ||
| 082 | _bBORI-14154 | ||
| 245 | _aCollins Graphic Atlas | ||
| 260 | _aLondon | ||
| 260 | _bCollins Clear Type Press | ||
| 300 | _a135 | ||
| 300 | _cC | ||
| 300 | _eHardbound | ||
| 530 | _u00090708.pdf | ||
| 563 | _aReference | ||
| 630 | _aCollins Graphic Atlas | ||
| 650 | _aReference | ||
| 650 | _aReports | ||
| 730 | _aCollins Graphic Atlas | ||
| 942 | _cBOOK | ||
| 999 |
_c1357516 _d1357513 |
||